PRECALCULUS (Record no. 216091)
[ view plain ]
| 000 -LEADER | |
|---|---|
| fixed length control field | 00383nam a22001577a 4500 |
| 008 - FIXED-LENGTH DATA ELEMENTS--GENERAL INFORMATION | |
| fixed length control field | 250915b |||||||| |||| 00| 0 eng d |
| 020 ## - INTERNATIONAL STANDARD BOOK NUMBER | |
| International Standard Book Number | 978-1-118-12856-5 |
| 050 ## - LIBRARY OF CONGRESS CALL NUMBER | |
| Classification number | QA 39.3.V68 2010 |
| 100 ## - MAIN ENTRY--PERSONAL NAME | |
| Personal name | YOUNG CYNTHIA |
| 245 ## - TITLE STATEMENT | |
| Title | PRECALCULUS |
| 260 ## - PUBLICATION, DISTRIBUTION, ETC. | |
| Place of publication, distribution, etc. | NEWYORK |
| Name of publisher, distributor, etc. | WILEY AND SONS |
| 300 ## - PHYSICAL DESCRIPTION | |
| Extent | 1248 |
| 500 ## - GENERAL NOTE | |
| General note | INCLUDES AN INDEX |
| 942 ## - ADDED ENTRY ELEMENTS (KOHA) | |
| Source of classification or shelving scheme | Library of Congress Classification |
| Koha item type | Long Loan Book |
| Withdrawn status | Lost status | Source of classification or shelving scheme | Damaged status | Not for loan | Collection | Home library | Current library | Shelving location | Date acquired | Inventory number | Total checkouts | Full call number | Barcode | Date last seen | Date last checked out | Copy number | Price effective from | Koha item type |
|---|---|---|---|---|---|---|---|---|---|---|---|---|---|---|---|---|---|---|
| Library of Congress Classification | Science & Technology | Kisii University Library | Kisii University Library | On Display | 09/15/2025 | 70515 | 1 | QA 39.3.V68 2010 | 000000018727 | 09/22/2025 | 09/15/2025 | C.1 | 09/15/2025 | Long Loan Book |